000
00327nam a22001337a 4500
008
181011b xxu||||| |||| 00| 0 eng d
020
_a
9780070305632
041
_a
eng
080
_2
3 rd
_a
62 HOR
100
_a
26
101
_a
ENG
245
_a
The master handbook of Ic Circuit applications
_c
Horn.D.T
942
_2
udc
_c
BK
999
_c
49351
_d
49351